Statistics for The Big Three Rugby Champions Since 2000

Click here to take the quiz!

General Stats

  • This quiz has been taken 21 times
    (5 since last reset)
  • The average score is 24 of 68

Answer Stats

YearClub% Correct
Harlequins
60%
Harlequins
60%
2001-02Leinster
60%
2013-14Leinster
60%
2019-20Leinster
60%
2018-19Leinster
60%
2017-18Leinster
60%
2012-13Leinster
60%
2007-08Leinster
60%
London Wasps
60%
London Wasps
60%
London Wasps
60%
London Wasps
60%
2010-11Munster
60%
2002-03Munster
60%
2008-09Munster
60%
2022-23Munster
60%
Saracens
60%
Saracens
60%
Saracens
60%
Saracens
60%
Saracens
60%
Saracens
60%
2005-06Ulster
60%
2015-16Connacht
40%
2014-15Glasgow Warriors
40%
Leicester Tigers
40%
Leicester Tigers
40%
Leicester Tigers
40%
Leicester Tigers
40%
Leicester Tigers
40%
Leicester Tigers
40%
Racing 92
40%
RC Toulon
40%
Sale Sharks
40%
ASM Clermont Auvergne
20%
2020-21Benetton Treviso
20%
Exeter Chiefs
20%
Exeter Chiefs
20%
Leicester Tigers
20%
2016-17Llanelli Scarlets
20%
2003-04Llanelli Scarlets
20%
Northampton Saints
20%
2009-10Ospreys
20%
2011-12Ospreys
20%
2006-07Ospreys
20%
2004-05Ospreys
20%
Stade Francais
20%
Stade Francais
20%
Stade Francais
20%
Stade Francais
20%
Stade Francais
20%
Stade Toulousain
20%
Stade Toulousain
20%
Stade Toulousain
20%
Stade Toulousain
20%
Stade Toulousain
20%
Stade Toulousain
20%
Stade Toulousain
20%
2021-22Stormers
20%
USA Perpignan
20%
ASM Clermont Auvergne
0%
Biarritz Olympique
0%
Biarritz Olympique
0%
Biarritz Olympique
0%
Castres Olympique
0%
Castres Olympique
0%
Montpellier
0%

Score Distribution

Percentile by Number Answered

Percent of People with Each Score

Your Score History

You have not taken this quiz since the last reset